000 00378nam a2200157Ia 4500
008 230917s9999||||xx |||||||||||||| ||und||
040 _e189479
_aMAIN
041 _aEnglish
082 _a005.43 N858O(3)
100 _aNutt, Gary
245 0 _aOperating Systems
250 _a3rd ed.
260 _aNew Delhi
_bPearson Education
_c2011
300 _axxx, 806 p.
942 _cBK
999 _c157389
_d157389